LEADER 01060nam a2200277 i 4500 001 991002239079707536 005 20250104000018.0 008 010514s1976 it er |01 0 ita d 035 $ab10979591-39ule_inst 035 $aPARLA157881$9ExL 040 $aDip.to Filosofia$bita$dSocioculturale Scs 041 0 $aita 082 04$a261.70945121$223 100 1 $aGariglio, Bartolo$0206031 245 10$aCattolici democratici e clerico-fascisti :$bil mondo cattolico torinese alla prova del fascismo : 1922-1927 /$cBartolo Gariglio 260 $aBologna :$bIl mulino,$c[1976] 300 $a294 p. ;$c22 cm 490 1 $aSaggi ;$v167 650 4$aCattolici torinesi$xRapporti [con il] Fascismo$y1922-1927 830 0$aSaggi ;$v167 907 $a.b10979591$b23-02-17$c28-06-02 912 $a991002239079707536 945 $aLE005IF XII D 63$g1$i2005000234651$lle005$o-$pE0.00$q-$rl$s-$t0$u0$v0$w0$x0$y.i11092099$z28-06-02 996 $aCattolici democratici e clerico-fascisti$9200795 997 $aUNISALENTO 998 $ale005$b01-01-01$cm$da$e-$fita$git$h0$i1